Normal view
MARC view
- الحميري،باسم
Entry Personal Name
001 - CONTROL NUMBER
- control field: 31652
003 - CONTROL NUMBER IDENTIFIER
- control field: JO-AjAnu
005 - DATE AND TIME OF LATEST TRANSACTION
- control field: 20230606075328.0
008 - FIXED-LENGTH DATA ELEMENTS
- fixed length control field: 230606|| aca||aabn | a|a d
040 ## - CATALOGING SOURCE
- Original cataloging agency: JO-AjAnu
- Transcribing agency: JO-AjAnu
100 ## - HEADING--PERSONAL NAME
- Personal name: الحميري،باسم
670 ## - SOURCE DATA FOUND
- Source citation: Work cat.: (JO-AjAnu)16251: الحميري،باسم, author, الاستشارات الادارية:الاستشارات،حاجات الزبون للاستشاري،بدايات المهمة الاستشارية،مراحل العملية الاستشارية،الاتصال الفعال بالزبون،تطوير قابليات الاستشاري،معوقات العمل الاستشاري،الاستشاري الداخلي